Introductory experiments on biomolecules and their interactions (Record no. 85613)

MARC details
000 -LEADER
fixed length control field 00815 a2200241 4500
003 - CONTROL NUMBER IDENTIFIER
control field CBULib
005 - DATE AND TIME OF LATEST TRANSACTION
control field 20250317081222.0
008 - FIXED-LENGTH DATA ELEMENTS--GENERAL INFORMATION
fixed length control field 241021b |||||||| |||| 00| 0 eng d
020 ## - INTERNATIONAL STANDARD BOOK NUMBER
International Standard Book Number 9780128009697
040 ## - CATALOGING SOURCE
Language of cataloging English
Transcribing agency CBULib
Description conventions rda
050 ## - LIBRARY OF CONGRESS CALL NUMBER
Classification number QH 506 Del
100 ## - MAIN ENTRY--PERSONAL NAME
Personal name DeLong, Robert K.
245 ## - TITLE STATEMENT
Title Introductory experiments on biomolecules and their interactions
Statement of responsibility, etc / by Robert K.DeLong Qiongqiong Zhou
260 ## - PUBLICATION, DISTRIBUTION, ETC. (IMPRINT)
Name of publisher, distributor, etc Elsevier,
Date of publication, distribution, etc 2015
Place of publication, distribution, etc Boston :
300 ## - PHYSICAL DESCRIPTION
Extent xxviii, 94 pages : illustrations
336 ## - CONTENT TYPE
Source rdacontent
Content type term Text |
Content type code txt
337 ## - MEDIA TYPE
Source rdamedia
Media type term Unmediated |
Media type code n
338 ## - CARRIER TYPE
Source rdacarrier
Carrier type term Volume
Carrier type code nc
500 ## - GENERAL NOTE
General note Includes an index
650 #0 - SUBJECT ADDED ENTRY--TOPICAL TERM
9 (RLIN) 3763
Topical term or geographic name as entry element BIOMOLECULES - ANALYSIS - LABORATORY MANUALS
650 #0 - SUBJECT ADDED ENTRY--TOPICAL TERM
9 (RLIN) 3766
Topical term or geographic name as entry element MOLECULE - MOLECULE COLLISIONS - LABORATORY MANUALS
942 ## - ADDED ENTRY ELEMENTS (KOHA)
Source of classification or shelving scheme
Koha item type MONOGRAPH
Holdings
Withdrawn status Lost status Source of classification or shelving scheme Damaged status Not for loan Collection code Permanent Location Current Location Shelving location Date acquired Source of acquisition Full call number Barcode Date last seen Price effective from Koha item type Total Checkouts
          CBU-Lusaka Campus CBU- LUSAKA CAMPUS CBU- LUSAKA CAMPUS General Stacks 10/21/2024 BOOK AID INTERNATIONAL QH 506 Del 751561 10/21/2024 10/21/2024 MONOGRAPH  
          Main Library Open Access Collection CBU-MAIN LIBRARY, KITWE. CBU-MAIN LIBRARY, KITWE. General Stacks 03/17/2025   QH 506 Del 751335 03/17/2025 03/17/2025 MONOGRAPH